| 000 | 01204nam a22003257a 4500 | ||
|---|---|---|---|
| 003 | CHAP | ||
| 005 | 20220329133738.0 | ||
| 008 | 971013s1972 r 00010 d | ||
| 010 | _a10265 | ||
| 011 | _a11237 | ||
| 035 | _a10475 | ||
| 040 | _cCHAP | ||
| 082 |
_a581.987 _bB3 1972 |
||
| 100 | 0 | 0 |
_aBadillo, Víctor M. _99372 |
| 245 | _aClave de las familias de plantas superiores de Venezuela | ||
| 250 | _a5 ed | ||
| 260 |
_aMaracay : _bUniversidad Central de Venezuela. Fac. de Agronomía, _c1972 |
||
| 300 | _a246 p | ||
| 490 |
_aRevista de la Facultad de Agronomía de la Univ. Central de Venezuela. Alcance _v; 18 |
||
| 590 |
_aBATCH-UPD _b10 _c20130110 _lUCH01 _h2107 |
||
| 590 |
_aBATCH-UPD _b10 _c20130410 _lUCH01 _h1419 |
||
| 590 |
_aBATCH-UPD _b10 _c20130914 _lUCH01 _h0727 |
||
| 590 |
_aCONVERSION _b10 _c20130109 _lUCH01 _h1307 |
||
| 650 | 1 | 4 |
_aBotánica _xVenezuela. _914632 |
| 830 | 0 |
_aRevista de la Facultad de Agronomía de la Univ. Central de Venezuela. Alcance _v; 18 _996707 |
|
| 901 | _aBK | ||
| 942 | _cLIBRO | ||
| 949 |
_a581.987 B3 1972 _bBC _cLIBRO _d33724000448023 _eLIBRO _fc.2 _h29349 _i10475 _mD _si |
||
| 949 |
_a581.987 B3 1972 _bBC _cLIBRO _d33724000448031 _eLIBRO _h29348 _i10475 _mD _si |
||
| 999 |
_c10265 _d10265 |
||